Chapter 14 Artificial intelligence in the European Union (Record no. 27069)

MARC details
000 -LEADER
fixed length control field 00723nam a2200121Ia 4500
008 - FIXED-LENGTH DATA ELEMENTS--GENERAL INFORMATION
fixed length control field 220620s9999||||xx |||||||||||||| ||und||
100 ## - MAIN ENTRY--PERSONAL NAME
Personal name Ulnicane, Inga
245 #0 - TITLE STATEMENT
Title Chapter 14 Artificial intelligence in the European Union
Remainder of title Policy, ethics and regulation
546 ## - LANGUAGE NOTE
Language note English[eng]
650 ## - SUBJECT ADDED ENTRY--TOPICAL TERM
Topical term or geographic name entry element CAP; Common Market; EDA; Erasmus; European integration; European Armament; CERN; European media; Eurozone; ITER; European tourism; Artificial Intelligence; European Union; policy; ethics; regulation
856 ## - ELECTRONIC LOCATION AND ACCESS
Uniform Resource Identifier <a href="https://library.oapen.org/bitstream/20.500.12657/52622/1/9780429262081_10.4324_9780429262081-19.pdf||https://library.oapen.org/bitstream/20.500.12657/52622/1/9780429262081_10.4324_9780429262081-19.pdf">https://library.oapen.org/bitstream/20.500.12657/52622/1/9780429262081_10.4324_9780429262081-19.pdf||https://library.oapen.org/bitstream/20.500.12657/52622/1/9780429262081_10.4324_9780429262081-19.pdf</a>
942 ## - ADDED ENTRY ELEMENTS (KOHA)
Koha item type E-Books
Holdings
Withdrawn status Lost status Damaged status Not for loan Home library Current library Date acquired Total Checkouts Date last seen Price effective from Koha item type
        Kerala University of Digital Sciences, Innovation and Technology Knowledge Centre Kerala University of Digital Sciences, Innovation and Technology Knowledge Centre 20/06/2022   20/06/2022 20/06/2022 E-Books